000 01455nam a2200349Ia 4500
001 ebr10288443
003 CaPaEBR
006 m u
007 cr cn|||||||||
008 080619s2009 enka sb 001 0 eng d
010 _z 2008026682
020 _z9780195321241
020 _z0195321243
040 _aCaPaEBR
_cCaPaEBR
035 _a(OCoLC)654776715
050 1 4 _aBP190.5.S35
_bH38 2009eb
100 1 _aHashemi, Nader,
_d1966-
245 1 0 _aIslam, secularism, and liberal democracy
_h[electronic resource] :
_btoward a democratic theory for Muslim societies /
_cNader Hashemi.
260 _aOxford ;
_aNew York :
_bOxford University Press,
_c2009.
300 _axix, 280 p. :
_bill.
504 _aIncludes bibliographical references (p. [237]-270) and index.
533 _aElectronic reproduction.
_bPalo Alto, Calif. :
_cebrary,
_d2009.
_nAvailable via World Wide Web.
_nAccess may be limited to ebrary affiliated libraries.
650 0 _aIslam and secularism.
650 0 _aDemocracy
_xReligious aspects
_xIslam.
650 0 _aSecularism
_zIslamic countries.
650 0 _aDemocracy
_zIslamic countries.
650 0 _aIslam and politics
_zIslamic countries.
651 0 _aIslamic countries
_xPolitics and government
_y20th century.
655 7 _aElectronic books.
_2local
710 2 _aebrary, Inc.
856 4 0 _uhttp://site.ebrary.com/lib/rucke/Doc?id=10288443
_zAn electronic book accessible through the World Wide Web; click to view
999 _c449
_d449